Architects` working details 3 (Record no. 102446)
[ view plain ]
| 000 -LEADER | |
|---|---|
| fixed length control field | 01088cam a2200289 4500 |
| 008 - FIXED-LENGTH DATA ELEMENTS--GENERAL INFORMATION | |
| fixed length control field | #DATE n 000 0 eng u |
| 020 ## - INTERNATIONAL STANDARD BOOK NUMBER | |
| International Standard Book Number | 1870308506 |
| 035 ## - SYSTEM CONTROL NUMBER | |
| System control number | (Sirsi) u119911 |
| 041 ## - LANGUAGE CODE | |
| Language code of text/sound track or separate title | eng |
| 050 ## - LIBRARY OF CONGRESS CALL NUMBER | |
| Classification number | 721.0212 |
| 100 ## - MAIN ENTRY--PERSONAL NAME | |
| Personal name | Dawson, S. |
| -- | Editor |
| 245 ## - TITLE STATEMENT | |
| Title | Architects` working details 3 |
| 260 ## - PUBLICATION, DISTRIBUTION, ETC. | |
| Place of publication, distribution, etc. | London |
| Name of publisher, distributor, etc. | Emap |
| Date of publication, distribution, etc. | |
| 300 ## - PHYSICAL DESCRIPTION | |
| Extent | 177p. |
| Other physical details | ill. |
| Dimensions | 30cm. |
| 350 ## - PRICE (NR) (BK AM CF MU VM SE) [OBSOLETE] | |
| Price | 16.99 |
| 490 ## - SERIES STATEMENT | |
| Series statement | Architects' Working Details |
| Volume/sequential designation | 3 |
| 520 ## - SUMMARY, ETC. | |
| Summary, etc. | A selection of the technical diagrams and sections of external walls, windows, roofs, staircases, structure, small buildings and extensions, and interior elements published under the heading "Working details" in the "Architects' Journal". |
| 650 ## - SUBJECT ADDED ENTRY--TOPICAL TERM | |
| Topical term or geographic name entry element | ARCHITECTS WORKING DETAILS |
| 650 ## - SUBJECT ADDED ENTRY--TOPICAL TERM | |
| Topical term or geographic name entry element | ARCHITECTURAL DETAILS |
| 650 ## - SUBJECT ADDED ENTRY--TOPICAL TERM | |
| Topical term or geographic name entry element | EXTENSIONS |
| 650 ## - SUBJECT ADDED ENTRY--TOPICAL TERM | |
| Topical term or geographic name entry element | BUILT ENVIRONMENT-BUILDING ELEMENTS-COMPLETE BUILDING ELEMENTS-STAIRS |
| 650 ## - SUBJECT ADDED ENTRY--TOPICAL TERM | |
| Topical term or geographic name entry element | BUILT ENVIRONMENT-BUILDING ELEMENTS-COMPLETE BUILDING ELEMENTS-WALLS |
| 650 ## - SUBJECT ADDED ENTRY--TOPICAL TERM | |
| Topical term or geographic name entry element | WINDOWS |
| 650 ## - SUBJECT ADDED ENTRY--TOPICAL TERM | |
| Topical term or geographic name entry element | WORKING DETAILS |
| 690 ## - LOCAL SUBJECT ADDED ENTRY--TOPICAL TERM (OCLC, RLIN) | |
| Topical term or geographic name as entry element | BUILT ENVIRONMENT-CONSTRUCTION DESIGN |
| 942 ## - ADDED ENTRY ELEMENTS (KOHA) | |
| Suppress in OPAC | 0 |
| Withdrawn status | Lost status | Source of classification or shelving scheme | Damaged status | Not for loan | Home library | Current library | Shelving location | Date acquired | Cost, normal purchase price | Total Checkouts | Full call number | Barcode | Date last seen | Date last checked out | Copy number | Cost, replacement price | Price effective from | Koha item type |
|---|---|---|---|---|---|---|---|---|---|---|---|---|---|---|---|---|---|---|
| Dewey Decimal Classification | London | London | Folio | 17/10/2002 | 14.44 | 3 | F721.0212 DAW | 30066810 | 06/08/2019 | 06/02/2006 | 1 | 14.44 | 06/08/2019 | Book |